Online Catalogue and eLibrary

Beyond Patriarchy (Record no. 1554)

MARC details
000 -LEADER
fixed length control field 00430nam a2200157Ia 4500
005 - DATE AND TIME OF LATEST TRANSACTION
control field 20250108054305.0
008 - FIXED-LENGTH DATA ELEMENTS--GENERAL INFORMATION
fixed length control field 240331s9999 xx 000 0 und d
020 ## - INTERNATIONAL STANDARD BOOK NUMBER
ISBN 019540534X
082 ## - DDC Classification
Item Number - Author Mark MIC
DDC Edition Number 3571
Class No. 305.3
245 #0 - TITLE STATEMENT
Title Beyond Patriarchy
Remainder of title Essays by men on pleasure, power, and change
260 ## - PUBLICATION, DISTRIBUTION, ETC.
Place of publication, distribution, etc. Ontario
Name of publisher, distributor, etc. Oxford University Press
300 ## - PHYSICAL DESCRIPTION
Extent (e.g. Volumes, Pages etc.) xix, 322 p.,
650 ## - SUBJECT ADDED ENTRY--TOPICAL TERM
Topical term or geographic name entry element Patriarchy
700 ## - ADDED ENTRY--PERSONAL NAME
Personal name Kaufman, M
Relator term (Role) Editor
942 ## - Koha item type (Biblio)
Koha item type Books in Stacks (Lending)
Holdings
Lost status Damaged status Collection code Home library Current library Shelving location Date acquired Full call number Accession Number Item type
    Lending WERC Library WERC Library Social Science Cupboard 03/31/2024 305.3 BEY 3571 Books in Stacks (Lending)

© WERC Library